Kombinované spracovanie rôznych typov družicových observácií

Na minha lista:
Detalhes bibliográficos
Autor principal: Babiarová, Alena, 1989- (Author)
Outros Autores: Gerhátová, Ľubomíra, 1972- (Thesis advisor)
Formato: Manuscrito Livro
Idioma:eslovaco
Publicado em: Bratislava : STU v Bratislave SvF, 2014
Assuntos:
Acesso em linha:VAIS
https://opac.crzp.sk/?fn=detailBiblioForm&sid=501BC45481E06D38261971038C20
Tags: Adicionar Tag
Sem tags, seja o primeiro a adicionar uma tag!

MARC

LEADER 00000ntm a22000003a 4500
001 stu297695
005 20231115132327.4
008 140919s2014----xo------------------slo-d
040 |a STU  |b slo 
041 0 |a slo 
044 |a xo 
100 1 |a Babiarová, Alena,  |d 1989-  |4 aut  |u V  |T SvF Stavebná fakulta  |X 58004  |U V  |Y 10  |7 A000058004 
242 0 0 |a Combined processing of various types of satellite observations  |y eng 
245 1 |a Kombinované spracovanie rôznych typov družicových observácií 
260 |a Bratislava :  |b STU v Bratislave SvF,  |c 2014 
650 7 |a geodézia a kartografia  |2 stusub 
650 7 |a Geodesy and Cartography  |2 estusub 
700 1 |a Gerhátová, Ľubomíra,  |d 1972-  |4 ths  |u V130  |U SvF Stavebná fakulta  |T SvF Katedra geodetických základov  |X 941  |U V130  |Y 13  |7 A000000941 
856 4 |a info a plný text  |u http://is.stuba.sk/zp/portal_zp.pl?podrobnosti=100590  |3 VAIS 
856 4 |a CRZP  |u https://opac.crzp.sk/?fn=detailBiblioForm&sid=501BC45481E06D38261971038C20